|
|
|
|
| LEADER |
01083nam a22002297a 4500 |
| 001 |
31149 |
| 003 |
BD-DhAAL |
| 005 |
20160802112926.0 |
| 008 |
160802s2015 bg ||||| |||| 00| 0 ben d |
| 020 |
|
|
|a 9847320173
|
| 040 |
|
|
|a BD-DhAAL
|c BD-DhAAL
|
| 082 |
|
|
|2 22
|a 341.4
|
| 100 |
|
|
|a রহমান, গাজী শামছুর
|9 20237
|
| 245 |
|
|
|a মানবাধিকার মৌলিক অধিকার মানহানি অশ্লীলতা আইন রাষ্ট্রদ্রোহিতা /
|c গাজী শামছুর রহমান, সম্পাদনা মো. শাহ আলমগীর
|
| 300 |
|
|
|a ২১৮ পৃষ্ঠা ;
|b ২৩ সে. মি.
|
| 541 |
|
|
|e 31149
|
| 650 |
|
|
|a Human rights
|z Bangladesh
|9 20238
|
| 700 |
|
|
|a মো. শাহ আলমগীর
|9 20239
|
| 852 |
|
|
|a Ayesha Abed Library
|c General Stacks
|
| 942 |
|
|
|2 ddc
|c BK
|
| 999 |
|
|
|c 37739
|d 37739
|
| 952 |
|
|
|0 0
|1 0
|2 ddc
|4 0
|6 341_400000000000000_RAH
|7 0
|9 59486
|a BRACUL
|b BRACUL
|c GEN
|d 2016-08-02
|l 3
|m 39
|o 341.4 RAH
|p 3010031149
|r 2023-11-03
|s 2023-09-12
|t 1
|w 2016-08-02
|y BK
|